• 首页
  • 本馆介绍
  • 公告通知
  • 最新文献
  • 馆藏检索
  • 电子资源
  • 读者导购
  • 参考咨询
  • 我的图书馆
  • 登录
  • 详细信息显示
  • 放入我的书架
  • 预约/预借图书
  • 作者相关作品
  • 分类相关作品
  • 丛书相关作品
  • 出版社相关作品

书目信息

  • 表格格式
  • 工作单格式
  • 卡片格式
题名:
新诗选
    
 
作者: ;北京大学中文系中国现代文学教研室 主编
分册: 第三册  
出版信息: 上海   上海教育出版社  1979
页数: 850页
开本: 19cm
丛书名:
单 册:
中图分类: I226 , I22
科图分类:
主题词: 新诗--中国--现代--选集
电子资源:
ISBN:
000 00733nam0 2200241 450
001 1553164830
005 20150123172301.81
010    @dCNY2.30
091    @a7150.2203
100    @a19950718d1979 em y0chiy0110 ea
101 0  @achi
102    @aCN@b310000
105    @ay z 000gy
200 1  @a新诗选@9xin shi xuan@h第三册@f北京大学中文系中国现代文学教研室等主编
210    @a上海@c上海教育出版社@d1979
215    @a850页@d19cm
300    @a中国现代文学史参考资料
606 0  @a新诗@y中国@z现代@x选集
690    @aI226@v5
690    @aI22@v4
711 02 @a北京大学中文系中国现代文学教研室@9bei jing da xue zhong wen xi zhong guo xian dai wen xue jiao yan shi@4主编
801  0 @aCN@bTSSF@c20150123
905    @aZUCC@dI22@eJY5:3
    
    新诗选.第三册/北京大学中文系中国现代文学教研室等主编.-上海:上海教育出版社,1979
    850页;19cm
    中国现代文学史参考资料
    
    ISBN :CNY2.30
    
●
相关链接 在E读中查询图书 在五车中查询图书 在当当中查询图书 在豆瓣中查询图书


正题名:新诗选     索取号:I22/JY5:3         预约/预借

序号 登录号 条形码 馆藏地/架位号 状态 备注
1 7835829   278358297   学院路分馆/ [索取号:I22/JY5:3] 在馆    
2 7841883   278418838   学院路分馆/ [索取号:I22/JY5:3] 在馆    
3 7854702   278547020   学院路分馆/ [索取号:I22/JY5:3] 在馆    
4 7854705   278547057   学院路分馆/ [索取号:I22/JY5:3] 在馆    
唐山师范学院图书馆 欢迎您!
大连网信软件有限公司© 版权所有